| 000 | 01213nam a2200277 a 4500 | ||
|---|---|---|---|
| 001 | |||
| 003 | DO-SdBNP | ||
| 005 | 20210903125536.0 | ||
| 008 | 150820s2015 dr c 000 0 spa d | ||
| 020 | _a9789945404982 | ||
| 040 |
_aDO-SdBNP _bspa _cBPMSU |
||
| 082 |
_a781.97293 _bP438s 2015 _222 |
||
| 100 | 1 |
_aPérez, Eugenio _d1950- |
|
| 245 | 1 | 3 |
_aLa salsa en la República Dominicana : _bpadres líderes y propulsores históricos / _cEugenio Pérez. |
| 260 |
_aSanto Domingo : _bEditora Búho, _c2015. |
||
| 300 |
_a759 p. : _bil., retratos ; _c26 cm. |
||
| 500 | _aIncluye datos biográficos del autor en la solapa de la cubierta | ||
| 505 | 0 | _aPrólogo, un genio llamado Eugenio Hugo Adames-- Las raíces de la salsa -- Padre líderesy propulsores históricos de la salsa -- Nuevos movimientos en la salsa -- Veteranos y jóvenes en la salsa -- Nuevos movimient salsero en República Dominicana. | |
| 590 | _6Inventariado, 2021/VM | ||
| 650 | 4 |
_aSalsa (Música) _xHistoria y crítica. _zRepública Dominicana _v |
|
| 650 | 4 |
_aSalsa (Música) _xAspectos sociales. |
|
| 650 | 4 | _aMúsica caribeña dominicana | |
| 650 | 4 |
_aMúsica popular _zRepública Dominicana |
|
| 910 | _aVMateo V. | ||
| 942 |
_2ddc _cBK |
||
| 999 |
_c13715 _d13715 |
||